UCL top goal scorer - Statistics

General Stats
  • This quiz has been taken 406 times
  • The average score is 16 of 27
Answer Stats
Hint Answer % Correct
2007-08 Cristiano Ronaldo
100%
2012-13 Cristiano Ronaldo
100%
2013-14 Cristiano Ronaldo
100%
2015-16 Cristiano Ronaldo
100%
2016-17 Cristiano Ronaldo
100%
2017-18 Cristiano Ronaldo
100%
2014-15 Cristiano Ronaldo/Lionel Messi/Neymar
100%
2008-09 Lionel Messi
97%
2009-10 Lionel Messi
97%
2010-11 Lionel Messi
97%
2011-12 Lionel Messi
97%
2018-19 Lionel Messi
97%
2006-07 Kaka
62%
1999-00 Raul/Rivaldo/Mario Jardel
59%
2000-01 Raul
53%
1998-99 Dwight Yorke/Andriy Shevchenko
41%
2005-06 Andriy Shevchenko
40%
2001-02 Ruud Van Nistelrooy
34%
2002-03 Ruud Van Nistelrooy
34%
2004-05 Ruud Van Nistelrooy
34%
1997-98 Alessandro Del Piero
25%
1992-93 Romario
15%
1994-95 George Weah
14%
2003-04 Fernando Morientes
11%
1995-96 Jari Litmanen
7%
1993-94 Ronald Koeman/Wynton Rufer
6%
1996-97 Milinko Pantic
1%
No matching quizzes found
Score Distribution
Percent of People with Each Score
Percentile by Number Answered
Your Score History
You have not taken this quiz